Bad Blood - Welshly Arms - All Lyrics - Statistics

General Stats
  • This quiz has been taken 4 times
  • The average score is 254 of 425
Answer Stats
Answer % Correct
a
100%
And
100%
and
100%
bad
100%
bad,
100%
(Bad,
100%
blood
100%
blood)
100%
can
100%
Do
100%
do
100%
got
100%
made
100%
no
100%
so
100%
the
100%
The
100%
think
100%
to
100%
ya
100%
you
100%
You
100%
At
67%
at
67%
baby
67%
Baby
67%
be
67%
be?
67%
been
67%
‘Cause
67%
come
67%
could
67%
Did
67%
don’t
67%
Don’t
67%
from
67%
from)
67%
get
67%
I
67%
if
67%
If
67%
I’m
67%
in
67%
it
67%
It’s
67%
it’s
67%
just
67%
know
67%
know,
67%
(Know
67%
least
67%
lived
67%
make
67%
me
67%
me?
67%
might
67%
more
67%
never
67%
(Never
67%
of
67%
on
67%
Ooh,
67%
same
67%
something
67%
Tell
67%
tell
67%
there’s
67%
They
67%
they
67%
was
67%
where
67%
with
67%
wrong
67%
your
67%
you’ve
67%
ain’t
33%
all
33%
all,
33%
all!
33%
Better
33%
bit
33%
boy
33%
But
33%
can’t
33%
ever
33%
feeling
33%
gonna
33%
grenade
33%
hand
33%
hit
33%
honest
33%
honestly
33%
how
33%
hurt
33%
insane
33%
little
33%
my
33%
none
33%
none)
33%
off?
33%
pain
33%
picture
33%
put
33%
quite
33%
regrets
33%
scared
33%
see
33%
shame
33%
since
33%
startin’
33%
sweat
33%
that
33%
that’s
33%
Things
33%
things
33%
wall
33%
wanna
33%
way
33%
Were
33%
won't
33%
won't,
33%
won’t,
33%
won’t!
33%
won’t
33%
you're
33%
around
0%
care
0%
caught
0%
close
0%
convinced
0%
down
0%
fall
0%
find
0%
fire
0%
higher
0%
I’d
0%
Karma
0%
light
0%
pay
0%
pull
0%
runs
0%
stand
0%
stick
0%
stop
0%
take
0%
talk?
0%
veins,
0%
Yeah,
0%
No matching quizzes found
Score Distribution
Percent of People with Each Score
Percentile by Number Answered
Your Score History
You have not taken this quiz